Videoconferencing Systems in Virtual Space

Salvato in:
Dettagli Bibliografici
Autore principale: Zdorovets, Bohdan (Autore)
Altri autori: Rozinaj, Gregor (Relatore della tesi)
Natura: Manoscritto Libro
Lingua:slovacco
inglese
Pubblicazione: Bratislava : STU v Bratislave FEI, 2025
Soggetti:
Accesso online:https://opac.crzp.sk/?fn=detailBiblioFormChildMDG709&sid=BA75C2D62745AD5727E5949ED92F&seo=CRZP-detail-kniha
Tags: Aggiungi Tag
Nessun Tag, puoi essere il primo ad aggiungerne!!

MARC

LEADER 00000ntm a22000003a 4500
001 stuzp103720
003 SK-STU
005 20260128105654.4
007 ta
008 150427s2015----xo-----f-mn---000-0-slo-d
040 |a STU  |b slo 
041 0 |a eng 
044 |a xo 
100 1 |a Zdorovets, Bohdan  |u 037000  |4 aut  |U FEI Fakulta elektrotechniky a informatiky  |T FEI Ústav multimediálnych informačných a komunikačných technológií  |X 122304  |U E070  |Y 818  |7 122304 
242 0 1 |a Videokonferenčné systémy vo virtuálnom priestore  |y slo 
245 1 0 |a Videoconferencing Systems in Virtual Space 
260 |a Bratislava :  |b STU v Bratislave FEI,  |c 2025 
300 |a 62 s. 
650 4 |a Videokonferencie  |2 slo 
650 4 |a WebRTC  |2 slo 
650 4 |a WebSockets  |2 slo 
650 4 |a Virtuálne prostredie  |2 slo 
650 4 |a Gaussian Splatting,  |2 slo 
650 4 |a Imerzná komunikácia  |2 slo 
650 4 |a Videoconferencing  |2 eng 
650 4 |a WebSockets  |2 eng 
650 4 |a Gaussian Splatting  |2 eng 
650 4 |a Immersive communication  |2 eng 
650 4 |a Virtual environment  |2 eng 
650 4 |a WebRTC  |2 eng 
700 1 |a Rozinaj, Gregor  |u 037000  |k Z1  |4 ths  |U FEI Fakulta elektrotechniky a informatiky  |T FEI Ústav multimediálnych informačných a komunikačných technológií  |X 1945  |U E070  |Y 818  |7 A000001945 
856 4 |u https://opac.crzp.sk/?fn=detailBiblioFormChildMDG709&sid=BA75C2D62745AD5727E5949ED92F&seo=CRZP-detail-kniha